[Event "Moscow op-E"]
[Site "Moscow"]
[Date "2011.01.29"]
[Round "1"]
[White "Paster, Arkady M"]
[Black "Dvoirys, Semen I"]
[Result "0-1"]
[WhiteElo "2062"]
[BlackElo "2590"]
[PlyCount "62"]
[EventDate "2011.01.29"]
[EventType "swiss"]
[EventRounds "9"]
[EventCountry "RUS"]
[SourceTitle "CBM 140 Extra"]
[Source "ChessBase"]
[SourceDate "2011.03.01"]
[SourceVersion "1"]
[SourceVersionDate "2011.03.01"]
[SourceQuality "1"]

1. e4 c5 2. Nf3 d6 3. d4 cxd4 4. Nxd4 Nf6 5. Nc3 a6 6. Be2 e5 7. Nb3 Be7 8. Be3 Be6 9. 0-0 Nbd7 10. f4 Rc8 11. Bd3 Ng4 12. Qe2 Nxe3 13. Qxe3 exf4 14. Qxf4 Ne5 15. h3 0-0 16. Kh1 Bf6 17. Rfd1 Ng6 18. Qe3 Bxc3 19. bxc3 Rxc3 20. Nd4 Ne5 21. Nf3 Qc7 22. Nxe5 dxe5 23. Qe1 f6 24. a4 Rd8 25. Rdb1 Qc8 26. Rb6 Bxh3 27. Rab1 Bxg2+ 28. Kxg2 Qg4+ 29. Kf1 Qh3+ 30. Kg1 Rdxd3 31. cxd3 Rc2 0-1